000 00215nam a22001097a 4500
041 _aeng
080 _a80
100 _aKelsey, H. W.
245 _aHow to improve your bridge.
650 _aReference
999 _c279460
_d279460
942 _cBK